00817nam a2200205 a 450000100060000000300080000600500170001400800410003103500190007204000320009104100080012308200270013110000240015824502730018226000410045530000350049650400360053165000230056770000210059052185BD-RjUL20211209075751.0160906s1955 ii a b 001 0 eng d a(BD-RjUL)52305 aDLCcZXCdEQOdBD-RjULbeng aeng 223a338.0954bMES 19551 aMehta, Madhava Mal.10aStructure of Indian industries :ba statistical study in the size, location, and integration of industrial units in the seven selected industries of India, viz., cotton, jute, sugar, iron and steel, coal, paper, and cement /cM. M. Mehta ; Foreword by V. K. R. V. Rao. aBombay :bPopular Book Depot,c1955. axxvii, 340 p. :bill. ;c25 cm aInclude bibliography and index. 0aIndustrieszIndia. aRao, V. K. R. V.